000 00489nam a22001697a 4500
005 20260420114141.0
008 260420b |||||||| |||| 00| 0 eng d
020 _a0060113790
050 _aBF698
_b.F746
100 _aAnshen Ruth Nanda
245 _aTo have or to be
_bWorld perspectives
_cAnshen Ruth Nanda editor
260 _aNew York
_bHarper and Row Publishers
_cC1976
300 _axxiv,215p
500 _aincludes index
700 _aAnshen Ruth Nanda
_eeditor
942 _2lcc
_cBK
_n0
999 _c9266
_d9266